000 00720nam a22001937a 4500
005 20240703125950.0
010 _aENG-140734
020 _c980.00
_a9788196762155
035 _aEN-124266
037 _bDBAD
082 _a327.54
100 _aPandit, Santishree Dhulipudi
_968045
245 _aTransformation of India's Foreign Policy:
_bShaping the Global Order as a Responsible Power/
_ced. by Santishree Dhulipudi Pandit
260 _aNew Delhi
_bKW Publishers Pvt Ltd
_c2024
270 _bNew Delhi
_a4676/21,First Floor , Ansari Road ,Daryaganj,
_e110002
_k01143528107
300 _ax, 245p.
_c24cm(hb)
700 _aPandit, Santishree Dhulipudi
_967842
_eEditor
942 _2ddc
_cEN
_h327.54
_mPAN
999 _c203896
_d203896